[Event "Sparkassen-Open J"]
[Site "Heusenstamm, Martinsee"]
[Date "2019.11.23"]
[Round "2.19"]
[White "Akcapinar, Timur"]
[Black "Guo, Felix"]
[Result "0-1"]
[WhiteElo "1106"]
[BlackElo "1045"]
[PlyCount "88"]
[EventDate "2019.??.??"]
[WhiteTeam "SF Essen-Werden"]
[BlackTeam "SK Mannheim-Lindenhof"]

1. e4 e5 2. Nf3 Nc6 3. d4 exd4 4. Nxd4 Bc5 5. Be3 Qf6 6. c3 Nge7 7. Bc4 O-O 8.
O-O d6 9. Nxc6 Nxc6 10. Bxc5 dxc5 11. Na3 Re8 12. Re1 Ne5 13. Nb5 Nxc4 14. Nxc7
Be6 15. Nxe8 Rxe8 16. Qa4 Rf8 17. Qxa7 Nxb2 18. Qxc5 Nd3 19. Qe3 Nxe1 20. Rxe1
Bxa2 21. Ra1 Qd6 22. h3 Bc4 23. Qa7 Ba6 24. Qe3 Rc8 25. e5 Qc5 26. Qe4 Qxc3 27.
Re1 Re8 28. Rd1 g6 29. Rd5 f6 30. f4 b5 31. Rd6 fxe5 32. Rxa6 Qc1+ 33. Kh2
Qxf4+ 34. Qxf4 exf4 35. Rb6 Re5 36. Rb8+ Kg7 37. Rb7+ Kh6 38. g4 Re2+ 39. Kg1
Rb2 40. h4 f3 41. g5+ Kh5 42. Rxh7+ Kg4 43. h5 Kg3 44. hxg6 Rb1# 0-1

[Event "Sparkassen-Open J"]
[Site "Heusenstamm, Martinsee"]
[Date "2019.11.23"]
[Round "2.21"]
[White "Angrick, Carl-Friedrich"]
[Black "Culha, Merve"]
[Result "1-0"]
[WhiteElo "1146"]
[BlackElo "874"]
[PlyCount "121"]
[EventDate "2019.??.??"]
[WhiteTeam "MSA Zugzwang"]
[BlackTeam "SC Heusenstamm"]

1. e4 e5 2. Nf3 Nc6 3. Bc4 Nf6 4. Ng5 d5 5. exd5 Nxd5 6. Bxd5 Qxd5 7. Nf3 Bg4
8. Nc3 Qd7 9. d3 Nd4 10. Be3 Qf5 11. Nh4 Qh5 12. f3 Qxh4+ 13. Bf2 Qg5 14. fxg4
g6 15. Nd5 Ne6 16. Qe2 Bg7 17. Qe3 Qxe3+ 18. Nxe3 O-O 19. Bg3 Rad8 20. Nc4 Nd4
21. O-O-O Rfe8 22. Rde1 Rd5 23. Re3 Nc6 24. c3 b5 25. Na3 a5 26. Nc2 b4 27. d4
e4 28. Rhe1 f5 29. gxf5 gxf5 30. Bxc7 Rd7 31. Bg3 Rd6 32. Bxd6 Bh6 33. cxb4 Re6
34. Bc5 Rg6 35. R1e2 Rg4 36. Kd1 Bxe3 37. Nxe3 Rh4 38. bxa5 Nxa5 39. Nxf5 Rxh2
40. Nd6 e3 41. d5 Rh1+ 42. Kc2 Rh5 43. Rxe3 Rxd5 44. b4 Nc6 45. Ne4 Rd8 46. b5
Na5 47. Bb6 Rc8+ 48. Rc3 Ra8 49. Bxa5 Rxa5 50. Rc8+ Kg7 51. Nc3 Ra7 52. b6 Rb7
53. Rc7+ Kg6 54. Rxb7 h5 55. Re7 Kf5 56. Rg7 Kf6 57. Rg3 Kf5 58. b7 h4 59. Rg8
Kf4 60. b8=Q+ Ke3 61. Rf8 1-0

[Event "Sparkassen-Open J"]
[Site "Heusenstamm, Martinsee"]
[Date "2019.11.23"]
[Round "2.22"]
[White "Rempe, Lennik"]
[Black "Neininger, Pascal"]
[Result "0-1"]
[WhiteElo "1167"]
[BlackElo "862"]
[PlyCount "74"]
[EventDate "2019.??.??"]
[WhiteTeam "SK Doppelbauer Kiel"]
[BlackTeam "SV Oberursel"]

1. e4 d5 2. Nc3 d4 3. Nd5 e5 4. c3 a5 5. cxd4 c6 6. Ne3 exd4 7. Nf5 g6 8. Ng3
Bg7 9. Bc4 b5 10. Bd3 Nf6 11. Nf3 O-O 12. O-O Bg4 13. Bc2 d3 14. Bb3 a4 15. e5
Ne8 16. h3 Bxf3 17. Qxf3 axb3 18. a3 Bxe5 19. Re1 Bxg3 20. fxg3 Qd5 21. Qf2 Qf5
22. Qb6 Nf6 23. Rf1 Qe6 24. Qd4 Nh5 25. Qxd3 Na6 26. Qc3 Qd5 27. g4 Ng7 28. d3
Qc5+ 29. Kh1 Qxc3 30. bxc3 Nc5 31. d4 Nd3 32. Bh6 b2 33. Rab1 Rxa3 34. Rf3 Rxc3
35. Rff1 Re8 36. Bd2 Rc2 37. Rf2 Nxf2+ 0-1

[Event "Sparkassen-Open J"]
[Site "Heusenstamm, Martinsee"]
[Date "2019.11.23"]
[Round "2.23"]
[White "Claussen, Daniela"]
[Black "Henrich, Leonard"]
[Result "0-1"]
[WhiteElo "870"]
[BlackElo "1006"]
[PlyCount "76"]
[EventDate "2019.??.??"]
[WhiteTeam "SF Essen-Werden"]
[BlackTeam "MS Halver-Schalksmühle"]

1. d4 d5 2. c4 dxc4 3. e3 Bf5 4. Bxc4 e6 5. Nf3 Nc6 6. Nc3 Nf6 7. O-O Bb4 8. a3
Bxc3 9. bxc3 O-O 10. h3 h6 11. Bd2 Ne4 12. Bb5 Qd6 13. c4 a6 14. Bxc6 Qxc6 15.
Bb4 Rfd8 16. Ne5 Qb6 17. Qb3 Nd2 18. Qd1 Nxf1 19. Qxf1 a5 20. Bd2 Qb2 21. Bc1
Qxa1 22. g4 Be4 23. Qe1 Qb1 24. Kh2 Qb6 25. Qe2 Qd6 26. g5 hxg5 27. Qg4 f6 28.
Qxe4 fxe5 29. Qf3 Rf8 30. Qxb7 Rxf2+ 31. Kg1 Raf8 32. dxe5 Rf1+ 33. Kg2 R8f2+
34. Kg3 Qxe5+ 35. Kg4 Qf5+ 36. Kh5 Rh2 37. Qc8+ Kh7 38. Qxc7 Rxh3# 0-1

[Event "Sparkassen-Open J"]
[Site "Heusenstamm, Martinsee"]
[Date "2019.11.23"]
[Round "2.24"]
[White "Müftahi, Tunay"]
[Black "Yang, Sophie"]
[Result "1-0"]
[WhiteElo "1002"]
[BlackElo "849"]
[PlyCount "57"]
[EventDate "2019.??.??"]
[WhiteTeam "SK Gründau"]
[BlackTeam "SK Mannheim-Lindenhof"]

1. c4 e5 2. Nc3 Nf6 3. g3 Nc6 4. Bg2 Be7 5. Nf3 O-O 6. O-O Nd4 7. e3 Nxf3+ 8.
Bxf3 d6 9. b3 Bh3 10. Bg2 Bxg2 11. Kxg2 Qd7 12. Nd5 Qc6 13. Qf3 Nxd5 14. Qxd5
Qxd5+ 15. cxd5 Bf6 16. e4 c6 17. dxc6 bxc6 18. Ba3 c5 19. f4 Rab8 20. fxe5 Bxe5
21. Rab1 Rfe8 22. d3 Rb6 23. Bb2 Ra6 24. a4 Bxb2 25. Rxb2 c4 26. bxc4 Rxa4 27.
Rfb1 a5 28. Rb8 Rb4 29. Rxe8# 1-0

[Event "Sparkassen-Open J"]
[Site "Heusenstamm, Martinsee"]
[Date "2019.11.23"]
[Round "2.25"]
[White "Jäger, Viktoria"]
[Black "Jelinek, Tim"]
[Result "0-1"]
[WhiteElo "869"]
[BlackElo "1224"]
[PlyCount "40"]
[EventDate "2019.??.??"]
[WhiteTeam "SK Bad Homburg"]
[BlackTeam "SC Kahl"]

1. e4 e5 2. Nf3 Nc6 3. Bc4 Bc5 4. c3 d6 5. d4 Bb6 6. Qa4 Bd7 7. Qb5 Na5 8. Qb4
Nc6 9. Bg5 f6 10. Qb5 Nxd4 11. Qd5 Nxf3+ 12. gxf3 Qe7 13. Qxb7 Rc8 14. Na3 fxg5
15. Nb5 g4 16. fxg4 Qh4 17. O-O-O Qxg4 18. Rhg1 Qf4+ 19. Kb1 Qf3 20. Rxg7 Qxd1#
0-1

[Event "Sparkassen-Open J"]
[Site "Heusenstamm, Martinsee"]
[Date "2019.11.23"]
[Round "2.26"]
[White "Sadri, Adrian"]
[Black "Heller, Karan"]
[Result "1-0"]
[WhiteElo "1243"]
[BlackElo "844"]
[Annotator "Schloessner,Henrik"]
[PlyCount "70"]
[EventDate "2019.??.??"]
[WhiteTeam "SC Bad Soden"]
[BlackTeam "TuS Dotzheim"]

1. e4 e5 2. Nf3 Nc6 3. Bc4 Bc5 4. c3 d6 5. d4 Bb6 6. dxe5 Bc5 7. exd6 Bxd6 8.
Qd5 Be6 9. Qd3 Bxc4 10. Qxc4 h6 11. O-O Nf6 12. Re1 O-O 13. e5 Nxe5 14. Nxe5
Bxe5 15. Rxe5 Qd6 16. Re1 Rae8 17. Rf1 Ng4 18. Qxg4 Qe6 19. Qxe6 Rxe6 20. h3
Rfe8 21. Bd2 Re2 22. a4 Rd8 23. Be3 a6 24. Na3 Rxb2 25. Nc4 Rb3 26. Na5 Rb2 27.
Rab1 Rxb1 28. Rxb1 b6 29. Nc6 Rd6 30. Ne7+ Kf8 31. Nf5 Rd5 32. Nd4 c5 33. Nf3
Rd3 34. Rxb6 Rxc3 35. Rxa6 c4 {36.Sd5 Td3 37.Ta8# Dumm nur, dass der Springer
von f3 nicht nach d5 springen darf!} 1-0

[Event "Sparkassen-Open J"]
[Site "Heusenstamm, Martinsee"]
[Date "2019.11.23"]
[Round "2.27"]
[White "Angrick, Otto-Nikolaus"]
[Black "Schilling, Pascal"]
[Result "1-0"]
[WhiteElo "974"]
[BlackElo "838"]
[PlyCount "71"]
[EventDate "2019.??.??"]
[WhiteTeam "MSA Zugzwang"]
[BlackTeam "SV Ffm-Griesheim"]

1. e4 e5 2. Nf3 Nc6 3. Nc3 Nf6 4. Bb5 Bb4 5. Bxc6 dxc6 6. Nxe5 Bxc3 7. dxc3
Qxd1+ 8. Kxd1 Nxe4 9. Ke2 O-O 10. f3 Nf6 11. Bg5 Re8 12. f4 Nd5 13. Kf2 Nxf4
14. Bxf4 Bf5 15. Rhe1 f6 16. Nd3 Bxd3 17. Rxe8+ Rxe8 18. cxd3 g6 19. Re1 Rc8
20. h4 Rf8 21. Bxc7 g5 22. Bd6 Rf7 23. Re7 Rf8 24. h5 h6 25. Rxb7 Re8 26. Rb8
Rxb8 27. Bxb8 Kf7 28. Bxa7 f5 29. Bc5 f4 30. a4 Kf6 31. a5 g4 32. a6 Kg5 33. a7
g3+ 34. Kg1 f3 35. gxf3 Kf4 36. Kg2 1-0

[Event "Sparkassen-Open J"]
[Site "Heusenstamm, Martinsee"]
[Date "2019.11.23"]
[Round "2.28"]
[White "Sarbu, Carla Alexandra"]
[Black "González Peisker, Mateo León"]
[Result "0-1"]
[WhiteElo "846"]
[BlackElo "970"]
[PlyCount "52"]
[EventDate "2019.??.??"]
[WhiteTeam "SC Saarlouis"]
[BlackTeam "SV Multatuli Ingelheim e.V."]

1. e4 e6 2. Nf3 d5 3. Nc3 d4 4. Nb1 Nc6 5. c3 e5 6. cxd4 exd4 7. d3 Bg4 8. Qb3
Bb4+ 9. Bd2 Bxd2+ 10. Nbxd2 Nge7 11. Ng5 O-O 12. f3 Bd7 13. Qxb7 Rb8 14. Qa6
Ng6 15. f4 Rxb2 16. Qa4 Nb4 17. Qd1 Nc2+ 18. Kf2 Nxa1 19. Qh5 Rxd2+ 20. Be2 h6
21. Rd1 Rxe2+ 22. Kxe2 Nxf4+ 23. Kf3 Nxh5 24. Nh3 Qf6+ 25. Ke2 Bg4+ 26. Kd2
Bxd1 0-1

[Event "Sparkassen-Open J"]
[Site "Heusenstamm, Martinsee"]
[Date "2019.11.23"]
[Round "2.29"]
[White "Spelleken, Mark"]
[Black "Terlinde, Mattis"]
[Result "1-0"]
[WhiteElo "961"]
[BlackElo "807"]
[PlyCount "81"]
[EventDate "2019.??.??"]
[WhiteTeam "SC Kahl"]
[BlackTeam "SK Gau-Algesheim"]

1. d4 d5 2. Nf3 Nc6 3. Bf4 Nf6 4. Nc3 Bf5 5. g3 e6 6. a3 Bd6 7. Qd2 Bxf4 8.
Qxf4 Qd6 9. Qxd6 cxd6 10. Rc1 e5 11. e3 exd4 12. exd4 O-O 13. Bg2 Rae8+ 14. Ne2
Bg4 15. c3 h6 16. Rc2 Ne4 17. O-O Ne7 18. h3 Bh5 19. Re1 Bg6 20. Rcc1 Nc6 21.
Nh4 Bh7 22. Nf4 Nf6 23. Nxd5 Rxe1+ 24. Rxe1 Nxd5 25. Bxd5 g5 26. Nf3 Bf5 27. g4
Bg6 28. h4 gxh4 29. Nxh4 Bd3 30. f4 Kh7 31. Kg2 Rg8 32. Kg3 Rg7 33. Re3 Bg6 34.
Nxg6 fxg6 35. Be4 Re7 36. Kh4 Nd8 37. f5 gxf5 38. Bxf5+ Kg7 39. Rxe7+ Kf8 40.
Rh7 Nf7 41. Kh5 1-0

[Event "Sparkassen-Open J"]
[Site "Heusenstamm, Martinsee"]
[Date "2019.11.23"]
[Round "2.30"]
[White "Tobias, Franziska Ylvi"]
[Black "Gärtner, David"]
[Result "0-1"]
[WhiteElo "1266"]
[BlackElo "958"]
[PlyCount "58"]
[EventDate "2019.??.??"]
[WhiteTeam "SV Oberursel"]
[BlackTeam "SF Heidesheim"]

1. e4 c5 2. Nf3 Nc6 3. d4 cxd4 4. Nxd4 Nf6 5. Nc3 e5 6. Nxc6 bxc6 7. Bc4 Bc5 8.
O-O O-O 9. Bg5 d6 10. Re1 Qe7 11. Qf3 Rb8 12. Rad1 Be6 13. Bxe6 Qxe6 14. Qg3 h6
15. Bxh6 Ng4 16. h3 Bxf2+ 17. Qxf2 Nxf2 18. Kxf2 Qxh6 19. Kg1 f5 20. Rf1 fxe4
21. Rxf8+ Rxf8 22. Nxe4 Qe3+ 23. Kh1 Qxe4 24. Rc1 Rf2 25. Rg1 Rxc2 26. b4 Rxa2
27. Kh2 d5 28. Kh1 d4 29. b5 cxb5 0-1

[Event "Sparkassen-Open J"]
[Site "Heusenstamm, Martinsee"]
[Date "2019.11.23"]
[Round "2.31"]
[White "Biallas, Flynn"]
[Black "Heidtkamp, Anna"]
[Result "1-0"]
[WhiteElo "953"]
[BlackElo "788"]
[PlyCount "133"]
[EventDate "2019.??.??"]
[WhiteTeam "SV Ffm-Griesheim"]
[BlackTeam "Düsseldorfer SV"]

1. e4 e5 2. Nf3 Nc6 3. Bc4 Bc5 4. b4 Bxb4 5. c3 Bc5 6. d4 exd4 7. O-O Nf6 8.
Bg5 d6 9. cxd4 Bb4 10. d5 Na5 11. Qd3 Nxc4 12. Qxc4 Bc5 13. Nc3 Bg4 14. Qd3 Qd7
15. Rab1 O-O-O 16. e5 dxe5 17. Nxe5 Qe7 18. Qb5 Bb6 19. Rfe1 h6 20. Nc6 Qc5 21.
Qxc5 Bxc5 22. Nxd8 Rxd8 23. Bxf6 gxf6 24. Na4 Bb4 25. Rxb4 Bd7 26. Reb1 Re8 27.
h3 a5 28. Rd4 b5 29. Nc5 Bf5 30. Rxb5 Re1+ 31. Kh2 Re8 32. Rxa5 Kd8 33. Ra8+
Ke7 34. Rxe8+ Kxe8 35. a4 Kd8 36. d6 cxd6 37. Rxd6+ Kc8 38. Rb6 Kc7 39. Rb2 Kc6
40. Nb7 Bc8 41. Rc2+ Kxb7 42. g4 Bd7 43. Rb2+ Ka6 44. f3 Bxa4 45. Ra2 Ka5 46.
Rd2 Bc6 47. f4 Bb7 48. Rd7 Bc8 49. Rxf7 Kb5 50. Rxf6 Bd7 51. Rxh6 Bc8 52. g5
Bb7 53. g6 Bc8 54. g7 Bb7 55. g8=Q Bc6 56. Rxc6 Kxc6 57. f5 Kd6 58. Qe8 Kc7 59.
Kg3 Kb6 60. Qc8 Kb5 61. Kf4 Kb4 62. Ke4 Kb5 63. Kd5 Kb4 64. Qc4+ Ka5 65. Qb3
Ka6 66. Kc6 Ka7 67. Qb7# 1-0

[Event "Sparkassen-Open J"]
[Site "Heusenstamm, Martinsee"]
[Date "2019.11.23"]
[Round "2.32"]
[White "Plaumann, Finja"]
[Black "Englert, Ann"]
[Result "1-0"]
[WhiteElo "820"]
[BlackElo "950"]
[PlyCount "51"]
[EventDate "2019.??.??"]
[WhiteTeam "SF Heidesheim"]
[BlackTeam "TV-Großostheim"]

1. d4 d5 2. c4 e6 3. Nf3 Nf6 4. Bf4 Nc6 5. e3 Bb4+ 6. Nc3 Bxc3+ 7. bxc3 O-O 8.
Bd3 Bd7 9. O-O h6 10. Qc2 dxc4 11. Bxc4 a6 12. Qd3 b5 13. Bb3 Na5 14. Bc2 Bc6
15. Be5 Re8 16. Bxf6 Qxf6 17. Qh7+ Kf8 18. Ne5 Bd5 19. Nd7+ Ke7 20. Nxf6 Kxf6
21. e4 Bc4 22. Rfe1 Rh8 23. e5+ Kg5 24. Qxg7+ Kh5 25. Bd1+ Kh4 26. Qg4# 1-0

[Event "Sparkassen-Open J"]
[Site "Heusenstamm, Martinsee"]
[Date "2019.11.23"]
[Round "2.33"]
[White "Basoglu, Jakob"]
[Black "Gärtner, Anna"]
[Result "1-0"]
[WhiteElo "945"]
[BlackElo "779"]
[PlyCount "125"]
[EventDate "2019.??.??"]
[WhiteTeam "SC Heusenstamm"]
[BlackTeam "SF Heidesheim"]

1. e4 e6 2. d4 d5 3. e5 g6 4. c3 Bg7 5. Nf3 Ne7 6. Be2 O-O 7. O-O b6 8. Ng5 c5
9. b3 Nbc6 10. Be3 Bd7 11. c4 dxc4 12. bxc4 h6 13. Ne4 Nf5 14. dxc5 Nxe3 15.
fxe3 bxc5 16. Nxc5 Nxe5 17. Nc3 Rb8 18. Qd2 Qe7 19. Nxd7 Nxd7 20. Rad1 Rfd8 21.
Nb5 Ne5 22. Qc2 a6 23. Nd4 Bf6 24. Bf3 Nxf3+ 25. gxf3 Bxd4 26. Rxd4 Rxd4 27.
exd4 Qg5+ 28. Qg2 Qxg2+ 29. Kxg2 Rc8 30. c5 f6 31. Re1 Re8 32. f4 g5 33. f5 e5
34. dxe5 fxe5 35. c6 Rc8 36. Rc1 e4 37. Kf2 Kf7 38. Ke3 a5 39. Kxe4 Kf6 40. Kd5
Ke7 41. f6+ Kf7 42. Kd6 Rd8+ 43. Kc7 Ke8 44. f7+ Ke7 45. Re1+ Kxf7 46. Kxd8 Kf6
47. c7 Kg6 48. Rg1 Kh5 49. Rxg5+ Kxg5 50. c8=Q Kh4 51. Qc5 Kh3 52. Qh5+ Kg2 53.
Qxh6 Kh1 54. Qa6 Kxh2 55. Qg6 a4 56. Ke7 a3 57. Kf6 Kh1 58. Qg4 Kh2 59. Kf5 Kh1
60. Kf4 Kh2 61. Kf3 Kh1 62. Kf2 Kh2 63. Qh5# 1-0

[Event "Sparkassen-Open J"]
[Site "Heusenstamm, Martinsee"]
[Date "2019.11.23"]
[Round "2.34"]
[White "Ramien, Eva"]
[Black "Paschedag, Vivien"]
[Result "1-0"]
[WhiteElo "798"]
[BlackElo "923"]
[PlyCount "69"]
[EventDate "2019.??.??"]
[WhiteTeam "SG Porz"]
[BlackTeam "SC Heusenstamm"]

1. e4 e5 2. Nf3 Nc6 3. Bc4 Bc5 4. Nc3 Nf6 5. O-O O-O 6. d3 d6 7. Bg5 h6 8. Bh4
Bg4 9. h3 Bh5 10. Nd5 Nd4 11. Nxf6+ gxf6 12. Qd2 Nxf3+ 13. gxf3 Bxf3 14. Qxh6
Re8 15. Bxf6 Qxf6 16. Qxf6 Bh5 17. Qg5+ Bg6 18. Kh2 Kh7 19. Rg1 Bxf2 20. Rgf1
Bd4 21. Bxf7 Rg8 22. Bxg8+ Rxg8 23. Qh4+ Kg7 24. Rf3 Rh8 25. Qe7+ Kh6 26. Raf1
Rh7 27. Qh4+ Kg7 28. Qe7+ Kh6 29. Qf6 Rg7 30. Qf8 Bxb2 31. Rg3 Kh7 32. Rfg1 Bc3
33. Rxg6 Rxg6 34. Qf7+ Kh6 35. Qxg6# 1-0

[Event "Sparkassen-Open J"]
[Site "Heusenstamm, Martinsee"]
[Date "2019.11.23"]
[Round "2.35"]
[White "Milman, Sophie"]
[Black "Kanno, Gabriel Felix"]
[Result "1-0"]
[WhiteElo "917"]
[BlackElo "726"]
[PlyCount "139"]
[EventDate "2019.??.??"]
[WhiteTeam "SC Heusenstamm"]
[BlackTeam "SK Altenkirchen"]

1. e4 e5 2. Nf3 Nc6 3. Nc3 Bc5 4. Bc4 Nf6 5. d3 d6 6. Bg5 h6 7. Bh4 O-O 8. O-O
Bg4 9. h3 Bh5 10. Nd5 g5 11. Bg3 Nd4 12. h4 Bxf3 13. gxf3 Qd7 14. Nxf6+ Kg7 15.
Nxd7 Rfd8 16. Nxc5 dxc5 17. Bxe5+ Kg8 18. Qd2 Nxf3+ 19. Kg2 Nxd2 20. Rfd1 Nxc4
21. dxc4 Rxd1 22. Rxd1 Re8 23. Bxc7 Rxe4 24. Rd8+ Kg7 25. hxg5 hxg5 26. b3 Rg4+
27. Kf3 Rg1 28. Be5+ f6 29. Rd7+ Kg6 30. Bh2 g4+ 31. Ke2 Rg2 32. Bg3 f5 33.
Rxb7 Kg5 34. Ke3 Rg1 35. Rxa7 Rc1 36. a4 Rxc2 37. a5 Rb2 38. Rb7 Ra2 39. Rb5
Ra3 40. Bf4+ Kf6 41. Kd3 Ke7 42. Rb7+ Kd8 43. Ra7 Rxb3+ 44. Kc2 Ra3 45. a6 Kc8
46. Ra8+ Kd7 47. a7 Kc6 48. Rc8+ Kb7 49. a8=Q+ Rxa8 50. Rxa8 Kxa8 51. Kb3 Kb7
52. Ka4 Kc6 53. Ka5 Kb7 54. Kb5 Kc8 55. Kxc5 Kd7 56. Kd5 Kc8 57. c5 Kb7 58. c6+
Kc8 59. Kd6 Kb8 60. c7+ Kc8 61. Ke7 Kb7 62. Kd8 Kc6 63. c8=Q+ Kd5 64. Qxf5+ Kd4
65. Qe5+ Kc4 66. Kc7 Kb4 67. Kc6 Ka4 68. Qb5+ Ka3 69. Bc1+ Ka2 70. Qb2# 1-0

[Event "Sparkassen-Open J"]
[Site "Heusenstamm, Martinsee"]
[Date "2019.11.23"]
[Round "2.36"]
[White "Ilievski, Kiril"]
[Black "Ninnemann, Patrick"]
[Result "1-0"]
[WhiteElo "753"]
[BlackElo "892"]
[PlyCount "44"]
[EventDate "2019.??.??"]
[WhiteTeam "SC Groß-Zimmern"]
[BlackTeam "SC Bad Soden"]

1. d4 d5 2. Nf3 Nf6 3. e3 Bg4 4. Be2 Nc6 5. O-O Qd7 6. h3 Bh5 7. Nbd2 O-O-O 8.
Bb5 Ne4 9. b3 e6 10. Bb2 a6 11. Bxc6 Qxc6 12. c4 Nxd2 13. Qxd2 dxc4 14. Ne5 Qd5
15. bxc4 Qe4 16. f3 Bb4 17. Qxb4 Qc2 18. Rf2 Qf5 19. Ba3 f6 20. Rb1 b6 21. Nc6
Rd6 22. Ne7+ Kd8 1-0

[Event "Sparkassen-Open J"]
[Site "Heusenstamm, Martinsee"]
[Date "2019.11.23"]
[Round "3.1"]
[White "Eull, Emil"]
[Black "Strauß, Florian"]
[Result "1-0"]
[WhiteElo "1504"]
[BlackElo "1231"]
[PlyCount "79"]
[EventDate "2019.??.??"]
[WhiteTeam "SF Neuberg"]
[BlackTeam "SV Multatuli Ingelheim e.V."]

1. e4 d5 2. exd5 Nf6 3. Nf3 Nxd5 4. d4 Bg4 5. Be2 e6 6. c4 Nf6 7. h3 Bxf3 8.
Bxf3 c6 9. O-O Be7 10. Nc3 O-O 11. Re1 Re8 12. Bf4 Nbd7 13. Rc1 Nb6 14. Ne4
Nxe4 15. Bxe4 Bg5 16. Bxg5 Qxg5 17. Rc3 g6 18. Ree3 Qf6 19. Rf3 Qg7 20. c5 Nd5
21. Bxd5 exd5 22. Rfe3 Re4 23. Rxe4 dxe4 24. d5 Rd8 25. d6 f5 26. Qa4 a6 27.
Rb3 h5 28. Qc4+ Qf7 29. Qxf7+ Kxf7 30. Rxb7+ Ke6 31. Kf1 Kd5 32. b4 Kc4 33. Rb6
a5 34. Rxc6 axb4 35. Rc7 Kd5 36. Ke2 f4 37. h4 Ra8 38. d7 Rxa2+ 39. Kd1 Ra1+
40. Kc2 1-0

[Event "Sparkassen-Open J"]
[Site "Heusenstamm, Martinsee"]
[Date "2019.11.23"]
[Round "3.2"]
[White "Yue, Qihang"]
[Black "Kamleiter, Noah"]
[Result "0-1"]
[WhiteElo "1376"]
[BlackElo "1395"]
[PlyCount "69"]
[EventDate "2019.??.??"]
[WhiteTeam "SV Multatuli Ingelheim e.V."]
[BlackTeam "TSV Bindlach Aktionär"]

1. d4 Nf6 2. Nf3 e6 3. e3 b6 4. Bd3 Bb7 5. Nbd2 c5 6. c3 d6 7. O-O Nbd7 8. Re1
Be7 9. e4 O-O 10. e5 dxe5 11. Nxe5 Nxe5 12. Rxe5 cxd4 13. cxd4 Qxd4 14. Qe2
Rfd8 15. Re3 Qd5 16. Qf1 Bc5 17. Rg3 Nh5 18. Bc4 Qc6 19. Rb3 Nf4 20. Nf3 Ng6
21. Bd2 Qc7 22. Rd1 Bc6 23. Qe2 Ba4 24. Bg5 Rxd1+ 25. Qxd1 Bxb3 26. Bxb3 Ne5
27. Bf4 Nxf3+ 28. Qxf3 Qd8 29. Bc7 Qf8 30. Ba4 Rc8 31. Bf4 Bd6 32. Be3 Bc5 33.
Bf4 Bd4 34. Qe2 Qb4 35. Qd1 0-1

[Event "Sparkassen-Open J"]
[Site "Heusenstamm, Martinsee"]
[Date "2019.11.23"]
[Round "3.3"]
[White "Kürschner, Liam"]
[Black "Claussen, Alexander"]
[Result "0-1"]
[WhiteElo "1423"]
[BlackElo "1220"]
[PlyCount "74"]
[EventDate "2019.??.??"]
[WhiteTeam "SK Langen"]
[BlackTeam "SF Essen-Werden"]

1. d4 e6 2. c4 b6 3. Nc3 Bb7 4. a3 Nf6 5. e3 d6 6. Nf3 Nbd7 7. Bd3 c5 8. Bd2
Be7 9. Qc2 Qc7 10. e4 cxd4 11. Nxd4 Nc5 12. Nf3 Nxd3+ 13. Qxd3 O-O 14. O-O-O d5
15. cxd5 exd5 16. exd5 Nxd5 17. Kb1 Nxc3+ 18. Bxc3 Rad8 19. Qf5 Qc4 20. Nd4 Bf6
21. Qf4 Rd7 22. Ne2 Rxd1+ 23. Rxd1 Qxe2 24. Rd2 Be4+ 25. Kc1 Qc4 26. Qg3 Re8
27. Qd6 Bg5 28. f4 Qf1+ 29. Rd1 Bxf4+ 30. Qxf4 Qxf4+ 31. Rd2 Rd8 32. b4 Rxd2
33. Bxd2 Qf1+ 34. Kb2 Qb1+ 35. Kc3 Qd3+ 36. Kb2 Qc2+ 37. Ka1 Qb1# 0-1

[Event "Sparkassen-Open J"]
[Site "Heusenstamm, Martinsee"]
[Date "2019.11.23"]
[Round "3.4"]
[White "Vick, Edward"]
[Black "Kanno, Clara Yumi"]
[Result "1-0"]
[WhiteElo "1242"]
[BlackElo "1142"]
[PlyCount "85"]
[EventDate "2019.??.??"]
[WhiteTeam "TuS Makkabi Wiesbaden"]
[BlackTeam "SK Altenkirchen"]

1. e4 c5 2. Nf3 d6 3. d4 cxd4 4. Qxd4 Nc6 5. Qd1 Nf6 6. Nc3 a6 7. Be3 e6 8. Be2
Be7 9. Qd2 O-O 10. O-O-O b5 11. h4 b4 12. Na4 Nxe4 13. Qd3 d5 14. Ng5 Nxg5 15.
hxg5 g6 16. Bd4 Bxg5+ 17. Kb1 Nxd4 18. Qxd4 a5 19. Rh2 f5 20. Rdh1 Rf7 21. g4
Bf6 22. Qe3 Bh8 23. gxf5 exf5 24. Bb5 Rb8 25. Bc6 Qd6 26. Qc5 Qxc5 27. Nxc5 d4
28. Bd5 Be5 29. Bxf7+ Kxf7 30. Rxh7+ Kf6 31. Rh8 Ke7 32. R8h7+ Kf6 33. Re1 Rb5
34. Nd3 Bd6 35. Ra7 Bb7 36. Re8 Bc7 37. Nc5 Bc6 38. Rc8 Bb6 39. Ra6 Bd5 40.
Nd7+ Kg5 41. Rxb6 Rxb6 42. Nxb6 Be4 43. Rc5 1-0

[Event "Sparkassen-Open J"]
[Site "Heusenstamm, Martinsee"]
[Date "2019.11.23"]
[Round "3.5"]
[White "Gräßer, Malte"]
[Black "Riemann, Adrian"]
[Result "1/2-1/2"]
[WhiteElo "1210"]
[BlackElo "1307"]
[PlyCount "50"]
[EventDate "2019.??.??"]
[WhiteTeam "SF Heidesheim"]
[BlackTeam "SK Bickenbach"]

1. e4 e6 2. d4 d5 3. e5 c5 4. c3 Nc6 5. Nf3 Qb6 6. Bd3 Bd7 7. Bc2 Nge7 8. b3
Nf5 9. Bxf5 exf5 10. Qd3 cxd4 11. cxd4 Bb4+ 12. Bd2 O-O 13. O-O Be6 14. Nc3 Ba5
15. Rac1 Nb4 16. Qe3 Bd7 17. Rfe1 Bb5 18. a3 Nd3 19. b4 Nxe1 20. Qxe1 Bc4 21.
bxa5 Qxa5 22. Nb1 Qa6 23. Bb4 Rfe8 24. h3 Qg6 25. Nbd2 Rac8 1/2-1/2

[Event "Sparkassen-Open J"]
[Site "Heusenstamm, Martinsee"]
[Date "2019.11.23"]
[Round "3.6"]
[White "Akhmatovski, Maxim"]
[Black "Schmidt, Moritz"]
[Result "1/2-1/2"]
[WhiteElo "1359"]
[BlackElo "1095"]
[PlyCount "63"]
[EventDate "2019.??.??"]
[WhiteTeam "SV Oberursel"]
[BlackTeam "SVG Plettenberg"]

1. d4 Nf6 2. c4 e6 3. Nc3 Bb4 4. Qc2 Bxc3+ 5. Qxc3 d5 6. e3 b6 7. Nf3 c5 8. b3
Nc6 9. Ba3 Ne4 10. Qd3 O-O 11. Be2 Re8 12. O-O Bb7 13. Rfd1 Qc7 14. dxc5 bxc5
15. cxd5 exd5 16. Rac1 Ne5 17. Nxe5 Rxe5 18. f3 Nf6 19. Rxc5 Qb6 20. Rdc1 Nd7
21. Rc7 Rxe3 22. Rxb7 Rxd3+ 23. Rxb6 axb6 24. Bxd3 Rxa3 25. Bb5 Nc5 26. Rd1 g6
27. Rxd5 Rxa2 28. Bc4 Rb2 29. Rd6 b5 30. Bxb5 Rxb3 31. Bc4 Rc3 32. Bb5 1/2-1/2

[Event "Sparkassen-Open J"]
[Site "Heusenstamm, Martinsee"]
[Date "2019.11.23"]
[Round "3.7"]
[White "Zhao, Yunsheng"]
[Black "Yang, Marco"]
[Result "0-1"]
[WhiteElo "1145"]
[BlackElo "1260"]
[PlyCount "88"]
[EventDate "2019.??.??"]
[WhiteTeam "SK Langen"]
[BlackTeam "SK Mannheim-Lindenhof"]

1. e4 c5 2. Nf3 d6 3. Nc3 Nf6 4. d4 cxd4 5. Nxd4 g6 6. Be2 Bg7 7. O-O O-O 8.
Be3 Nc6 9. Nxc6 bxc6 10. Qd2 Re8 11. Bh6 Bh8 12. Rad1 Bg4 13. Rfe1 Bxe2 14.
Qxe2 Qa5 15. a3 Qh5 16. Bc1 Ng4 17. h3 Nf6 18. e5 dxe5 19. Qxe5 Qxe5 20. Rxe5
Nd5 21. Re4 Bxc3 22. Rd3 Bf6 23. c3 Rad8 24. Rc4 Nb6 25. Rxd8 Rxd8 26. Rxc6
Rd1+ 27. Kh2 Rxc1 28. Rc7 a5 29. Rc5 Na4 30. Rxa5 Nxb2 31. Ra8+ Kg7 32. a4 Ra1
33. a5 Bxc3 34. a6 Bd4 35. f3 Kf6 36. Kg3 Ke5 37. Kg4 h5+ 38. Kg5 Kd6 39. Rf8
Be3+ 40. Kh4 Rxa6 41. Rxf7 Ra4+ 42. Kg3 h4+ 43. Kh2 Bf4+ 44. Kh1 Ra1# 0-1

[Event "Sparkassen-Open J"]
[Site "Heusenstamm, Martinsee"]
[Date "2019.11.23"]
[Round "3.8"]
[White "Heller, Roan"]
[Black "Bogiatzis, Panagiotis"]
[Result "0-1"]
[WhiteElo "1490"]
[BlackElo "1048"]
[PlyCount "104"]
[EventDate "2019.??.??"]
[WhiteTeam "TuS Dotzheim"]
[BlackTeam "SK Langen"]

1. e4 e5 2. Nf3 Nf6 3. Nc3 Nc6 4. Bc4 Be7 5. d3 d6 6. h3 O-O 7. O-O Be6 8. Bg5
Nh5 9. Be3 Nf4 10. Bxf4 exf4 11. Qd2 Bg5 12. Nd5 Bxd5 13. Bxd5 Ne5 14. Qe2 Qf6
15. Nxe5 Qxe5 16. c3 Rfe8 17. Rfe1 Re7 18. Qf3 Rb8 19. Re2 a5 20. Rae1 a4 21.
d4 Qf6 22. e5 dxe5 23. Rxe5 Rxe5 24. Rxe5 Qg6 25. Qe2 h6 26. Re8+ Rxe8 27.
Qxe8+ Kh7 28. Bxf7 Qb1+ 29. Kh2 h5 30. Qg8+ Kh6 31. Qe8 Bh4 32. Bxh5 Bxf2 33.
h4 Qg1+ 34. Kh3 Qh1+ 35. Kg4 Qxh4+ 36. Kf5 Qg5+ 37. Ke4 Qxg2+ 38. Kxf4 Bg3+ 39.
Ke3 Qf2+ 40. Ke4 Qf4+ 41. Kd5 Qf5+ 42. Kc4 Qxh5 43. Qxh5+ Kxh5 44. Kd3 Kh4 45.
Ke3 g5 46. Kf3 Kh3 47. Ke2 Bf4 48. Kf3 g4+ 49. Kxf4 g3 50. Kf3 g2 51. Kf2 Kh2
52. Ke1 g1=Q+ 0-1